00413nam a2200169Ia 4500008004100000020001400041050001400055100002300069245003800092245002300130260001800153260001400171260000900185300001400194300002500208300001000233180207s9999 xx 000 0 und d a150126645 bM821 2001 aMoore, Clemente C. aTwas the night before christmas / cClemente C. Moore. aKansas City : bHallmark, c2001 aunpaged : bcolor illustration ; c26cm.